| 000 | 00728nam a2200253 a 4500 | ||
|---|---|---|---|
| 001 | 74987 | ||
| 003 | BD-RjUL | ||
| 005 | 20211209082630.0 | ||
| 008 | 190104s19761956ii b 000 0 eng | ||
| 035 | _a(BD-RjUL) | ||
| 040 |
_aDLC _cDLC _dDLC _dBD-RjUL _beng |
||
| 041 | _aeng | ||
| 082 | 0 | 0 |
_223 _a306 _bMAI 1976 |
| 100 | 1 |
_aMajumdar, D. N. _d1901-1986. _9226594 |
|
| 245 | 1 | 3 |
_aAn introduction to social anthropology / _c[by] D.N. Majumdar and T.N. Madan. |
| 260 |
_aBombay : _bAsia pub, _c1958, 1976 |
||
| 300 |
_a304 p.; _c21 cm. |
||
| 504 | _aIncludes bibliographical references. | ||
| 650 | 0 |
_aEthnology. _9226595 |
|
| 700 |
_aMadan, T.N. _9226748 |
||
| 942 |
_2ddc _cBK |
||
| 999 |
_c74987 _d74987 |
||